Statistics for General Knowledge #83

Click here to take the quiz!

General Stats

  • This quiz has been taken 122 times
  • The average score is 7 of 15

Answer Stats

Hint Answer % Correct
How many chambers are there in a bird's heart?4
81%
What is the symbol for the element "lead."Pb
76%
What does the Tin Man want?Heart
76%
Haiti shares the islamd of Hispaniola with what other country?Dominican Republic
67%
Who owns a motel in the movie "Psycho?"Norman Bates
67%
In the game of cricket, how many players are on the field at one time?11
63%
What is the southernmost capital city in the world?Wellington, New Zealand
55%
In what year did Israel become an independent state?1948
50%
What is the tallest building in the world?Burj Khalifa
48%
Which NBA team has won the most championships?Boston Celtics
47%
In a right triangle, the ratio of the adjacent side over the hypotenuse is called the ____Cosine
22%
On what day did Germany invade Poland in 1939?September 1
21%
Which Spanish explorer conquered the Incas?Francisco Pizarro
20%
What was Miley Cyrus's original name?Destiny Hope Cyrus
18%
What fruit name comes from a word root meaning "testicle?"Avocado
16%

Score Distribution

Percentile by Number Answered

Percent of People with Each Score

Your Score History

You have not taken this quiz